[Event "FRA-chT Top 12"]
[Site "Montpellier"]
[Date "2015.06.06"]
[Round "8.5"]
[White "Llanes Hurtado, Miguel"]
[Black "Flear, Glenn C"]
[Result "1/2-1/2"]
[WhiteElo "2444"]
[BlackElo "2460"]
[PlyCount "39"]
[EventDate "2015.05.30"]
[EventType "team-tourn"]
[EventRounds "11"]
[EventCountry "FRA"]
[SourceTitle "CBM 166 Extra"]
[Source "ChessBase"]
[SourceDate "2015.06.18"]
[SourceVersion "1"]
[SourceVersionDate "2015.06.18"]
[SourceQuality "1"]
[WhiteTeam "Grasse Echecs"]
[BlackTeam "Montpellier"]
[WhiteTeamCountry "FRA"]
[BlackTeamCountry "FRA"]

1. d4 d5 2. c4 e6 3. Nf3 Nf6 4. g3 Nbd7 5. Bg2 c6 6. Qc2 Bd6 7. 0-0 0-0 8. Nbd2 Re8 9. Rd1 Qe7 10. Re1 e5 11. cxd5 Nxd5 12. e4 N5b6 13. Nb3 h6 14. Bd2 Bb4 15. Rad1 Bxd2 16. Qxd2 exd4 17. Qxd4 Nf8 18. Qc3 Bg4 19. h3 Bxf3 20. Bxf3 1/2-1/2

[Event "FRA-chT Top 12"]
[Site "Montpellier"]
[Date "2015.06.04"]
[Round "6"]
[White "Rozentalis, Eduardas"]
[Black "Llanes Hurtado, Miguel"]
[Result "1/2-1/2"]
[WhiteElo "2529"]
[BlackElo "2444"]
[PlyCount "59"]
[EventDate "2015.05.30"]
[EventType "team-tourn"]
[EventRounds "11"]
[EventCountry "FRA"]
[SourceTitle "CBM 166 Extra"]
[Source "ChessBase"]
[SourceDate "2015.06.18"]
[SourceVersion "1"]
[SourceVersionDate "2015.06.18"]
[SourceQuality "1"]
[WhiteTeam "Strasbourg"]
[BlackTeam "Grasse Echecs"]
[WhiteTeamCountry "FRA"]
[BlackTeamCountry "FRA"]

1. e4 c5 2. Nf3 e6 3. c3 d5 4. exd5 Qxd5 5. d4 Nf6 6. Bd3 Be7 7. 0-0 0-0 8. Qe2 Nc6 9. dxc5 Rd8 10. Rd1 Qxc5 11. Bg5 h6 12. Bh4 a6 13. Nbd2 Bd7 14. Rac1 b5 15. b4 Qa7 16. Ne4 Nd5 17. Bxe7 Ncxe7 18. Bb1 Ng6 19. Nc5 Nf8 20. Nd4 Be8 21. h3 Rd6 22. Qf3 Nf6 23. a3 Rad8 24. Re1 Rd5 25. Ba2 Rxc5 26. bxc5 Qxc5 27. Ra1 Rc8 28. Rec1 Ng6 29. Qe3 Nd5 30. Bxd5 1/2-1/2

[Event "FRA-chT Top 12"]
[Site "Montpellier"]
[Date "2015.06.01"]
[Round "3.4"]
[White "Llanes Hurtado, Miguel"]
[Black "Bacrot, Etienne"]
[Result "1/2-1/2"]
[WhiteElo "2444"]
[BlackElo "2704"]
[PlyCount "42"]
[EventDate "2015.05.30"]
[EventType "team-tourn"]
[EventRounds "11"]
[EventCountry "FRA"]
[SourceTitle "CBM 166 Extra"]
[Source "ChessBase"]
[SourceDate "2015.06.18"]
[SourceVersion "1"]
[SourceVersionDate "2015.06.18"]
[SourceQuality "1"]
[WhiteTeam "Grasse Echecs"]
[BlackTeam "Bischwiller"]
[WhiteTeamCountry "FRA"]
[BlackTeamCountry "FRA"]

1. d4 Nf6 2. c4 e6 3. g3 c5 4. d5 exd5 5. cxd5 d6 6. Nc3 g6 7. Bg2 Bg7 8. Nf3 0-0 9. 0-0 Nbd7 10. Bf4 Qe7 11. a4 h6 12. Qc1 g5 13. Bd2 Ng4 14. h4 f6 15. b4 cxb4 16. Nb5 a5 17. Qc7 f5 18. Rae1 Bf6 19. Nxd6 Nde5 20. Qxe7 Bxe7 21. Nxc8 Raxc8 1/2-1/2

[Event "ESP-chT CECLUB Div1 GpA"]
[Site "Linares"]
[Date "2013.08.21"]
[Round "3.3"]
[White "Llanes Hurtado, Miguel"]
[Black "Geske, Julian"]
[Result "1/2-1/2"]
[WhiteElo "2470"]
[BlackElo "2395"]
[PlyCount "61"]
[EventDate "2013.08.19"]
[EventType "team-tourn"]
[EventRounds "5"]
[EventCountry "ESP"]
[SourceTitle "CBM 156 Extra"]
[Source "ChessBase"]
[SourceDate "2013.10.22"]
[SourceVersion "1"]
[SourceVersionDate "2013.10.22"]
[SourceQuality "1"]
[WhiteTeam "Ajoblanco Extremadura"]
[BlackTeam "Barbera"]
[WhiteTeamCountry "ESP"]
[BlackTeamCountry "ESP"]

1. d4 Nf6 2. c4 g6 3. Nc3 Bg7 4. e4 d6 5. f3 0-0 6. Be3 c5 7. dxc5 dxc5 8. Qxd8 Rxd8 9. Bxc5 Nc6 10. Nge2 Nd7 11. Be3 Nde5 12. Nf4 Nb4 13. Rc1 Be6 14. b3 g5 15. Nxe6 fxe6 16. Bxg5 Ned3+ 17. Bxd3 Nxd3+ 18. Ke2 Nxc1+ 19. Rxc1 Bxc3 20. Rxc3 Kf7 21. Be3 Rd7 22. Rc2 a6 23. g4 e5 24. h4 Ke6 25. h5 Rad8 26. Bb6 Rf8 27. a4 Kf6 28. Rc1 Kg5 29. Be3+ Kf6 30. Bb6 Kg5 31. Be3+ 1/2-1/2

[Event "FRA-chT Top 12"]
[Site "Haguenau"]
[Date "2013.06.04"]
[Round "6.2"]
[White "Llanes Hurtado, Miguel"]
[Black "Salgado Lopez, Ivan"]
[Result "0-1"]
[WhiteElo "2469"]
[BlackElo "2598"]
[PlyCount "62"]
[EventDate "2013.05.30"]
[EventType "team-tourn"]
[EventRounds "11"]
[EventCountry "FRA"]
[SourceTitle "CBM 154 Extra"]
[Source "ChessBase"]
[SourceDate "2013.06.25"]
[SourceVersion "2"]
[SourceVersionDate "2013.06.25"]
[SourceQuality "1"]
[WhiteTeam "Grasse Echecs"]
[BlackTeam "Chalons en Champagne"]
[WhiteTeamCountry "FRA"]
[BlackTeamCountry "FRA"]

1. d4 Nf6 2. c4 e6 3. Nf3 c5 4. d5 b5 5. Bg5 b4 6. e4 h6 7. Bxf6 Qxf6 8. e5 Qd8 9. dxe6 dxe6 10. Bd3 Bb7 11. Qe2 g5 12. h3 Nc6 13. Nbd2 Qc7 14. 0-0-0 0-0-0 15. Rhe1 Be7 16. Qe3 a5 17. Bc2 Kb8 18. g3 Rhg8 19. Ng1 h5 20. f4 h4 21. Ndf3 Rxd1+ 22. Rxd1 gxf4 23. gxf4 Nd4 24. Ng5 Bxg5 25. fxg5 Qe7 26. g6 Nxc2 27. Kxc2 Rxg6 28. Ne2 Rg2 29. Rd6 Qg5 30. Qxc5 Rxe2+ 31. Kd1 Rxb2 0-1

[Event "FRA-chT Top 12"]
[Site "Haguenau"]
[Date "2013.05.31"]
[Round "2.2"]
[White "Llanes Hurtado, Miguel"]
[Black "Bauer, Christian"]
[Result "1/2-1/2"]
[WhiteElo "2469"]
[BlackElo "2638"]
[PlyCount "90"]
[EventDate "2013.05.30"]
[EventType "team-tourn"]
[EventRounds "11"]
[EventCountry "FRA"]
[SourceTitle "CBM 154 Extra"]
[Source "ChessBase"]
[SourceDate "2013.06.25"]
[SourceVersion "2"]
[SourceVersionDate "2013.06.25"]
[SourceQuality "1"]
[WhiteTeam "Grasse Echecs"]
[BlackTeam "Vandoeuvre"]
[WhiteTeamCountry "FRA"]
[BlackTeamCountry "FRA"]

1. d4 e6 2. c4 Nf6 3. g3 d5 4. Nf3 Bb4+ 5. Bd2 Be7 6. Bg2 0-0 7. 0-0 c6 8. Qc2 Nbd7 9. Bf4 a5 10. a4 b6 11. cxd5 Nxd5 12. Nc3 Nb4 13. Qb1 Ba6 14. Rd1 Nd5 15. Nxd5 cxd5 16. Bf1 h6 17. Rc1 Rc8 18. Rxc8 Qxc8 19. Qd1 Qb7 20. Rc1 Rc8 21. Rxc8+ Qxc8 22. Qc1 Qxc1 23. Bxc1 g5 24. h4 f6 25. hxg5 hxg5 26. Bd2 Kf7 27. Ne1 Nb8 28. g4 Bc4 29. e3 Bb3 30. Bb5 Bd6 31. f3 Ke7 32. Nd3 Nd7 33. Nc1 Bd1 34. Kf2 Nf8 35. Na2 Bb3 36. Nc1 Bd1 37. Na2 Ng6 38. Nc3 Bc2 39. Ke2 Bb4 40. Na2 Bd6 41. b4 axb4 42. Nxb4 Bb3 43. Nc6+ Kf7 44. Nd8+ Ke7 45. Nc6+ Kf8 1/2-1/2

[Event "ESP-chT CECLUB Div1 Final Permanencia"]
[Site "Don Benito"]
[Date "2012.08.04"]
[Round "1.3"]
[White "Llanes Hurtado, Miguel"]
[Black "Martinez Lopez, Ivan"]
[Result "1/2-1/2"]
[WhiteElo "2483"]
[BlackElo "2302"]
[PlyCount "108"]
[EventDate "2012.07.30"]
[EventType "team"]
[EventRounds "2"]
[EventCountry "ESP"]
[SourceTitle "CBM 149 Extra"]
[Source "ChessBase"]
[SourceDate "2012.08.24"]
[SourceVersion "1"]
[SourceVersionDate "2012.08.24"]
[SourceQuality "1"]
[WhiteTeam "Ciudad de Don Benito"]
[BlackTeam "Lleida"]
[WhiteTeamCountry "ESP"]
[BlackTeamCountry "ESP"]

1. d4 d5 2. c4 e6 3. Nf3 Nf6 4. g3 dxc4 5. Bg2 Bb4+ 6. Nc3 0-0 7. 0-0 Nbd7 8. e3 c6 9. Nd2 e5 10. Nxc4 exd4 11. exd4 Nb6 12. Ne5 Be6 13. Bg5 h6 14. Be3 Nc4 15. Qe2 Nxe3 16. fxe3 Nd7 17. Nxd7 Qxd7 18. a3 Be7 19. d5 cxd5 20. Nxd5 Bxd5 21. Rad1 Bc5 22. Bxd5 Qe7 23. Rf3 Rae8 24. Kg2 Kh8 25. e4 f5 26. Rdf1 fxe4 27. Rxf8+ Rxf8 28. Rxf8+ Qxf8 29. Bxe4 b6 30. b4 Bd4 31. Bc2 Qa8+ 32. Be4 Qf8 33. h4 Qf6 34. h5 a5 35. Qc4 Qd8 36. bxa5 bxa5 37. Qe6 Bf6 38. Bd5 Be7 39. a4 Bf6 40. Kf3 Bg5 41. Kg2 Bf6 42. Qf5 Bg5 43. Kh3 Bf6 44. Bc4 Bg5 45. Bd3 Kg8 46. Bc4+ Kh8 47. Bd3 Kg8 48. Qh7+ Kf7 49. Bc4+ Kf6 50. Qg6+ Ke5 51. Qxg7+ Ke4 52. Qg6+ Kd4 53. Qd3+ Kc5 54. Qc2 Qd2 1/2-1/2

[Event "ESP-chT CECLUB Div1 GpB"]
[Site "Don Benito"]
[Date "2012.07.31"]
[Round "2"]
[White "Llanes Hurtado, Miguel"]
[Black "Bolado Saez, Sergio"]
[Result "1/2-1/2"]
[WhiteElo "2483"]
[BlackElo "2386"]
[PlyCount "75"]
[EventDate "2012.07.30"]
[EventType "team"]
[EventRounds "5"]
[EventCountry "ESP"]
[SourceTitle "CBM 149 Extra"]
[Source "ChessBase"]
[SourceDate "2012.08.24"]
[SourceVersion "1"]
[SourceVersionDate "2012.08.24"]
[SourceQuality "1"]
[WhiteTeam "Ciudad de Don Benito"]
[BlackTeam "Villalba"]
[WhiteTeamCountry "ESP"]
[BlackTeamCountry "ESP"]

1. d4 Nf6 2. c4 c5 3. d5 b5 4. cxb5 a6 5. bxa6 Bxa6 6. Nc3 g6 7. Nf3 Bg7 8. g3 d6 9. Bg2 Nfd7 10. 0-0 Nb6 11. Qc2 0-0 12. Rd1 Nc4 13. Nd2 Na5 14. Rb1 Nd7 15. b3 Qc7 16. Nf3 Rab8 17. Bd2 Rb7 18. Be1 Rfb8 19. Ne4 h6 20. g4 Ra7 21. h4 Bc8 22. g5 h5 23. b4 cxb4 24. Qxc7 Rxc7 25. Rxb4 Rxb4 26. Bxb4 Nb7 27. a3 Rc4 28. Ned2 Rc2 29. Ne1 Rc7 30. Nb3 Rc4 31. Rc1 Rxc1 32. Nxc1 Nbc5 33. e3 Bb7 34. Ne2 Kf8 35. Nd4 Bxd4 36. exd4 Nb3 37. Nc2 Nb6 38. Bf1 1/2-1/2

[Event "FRA-chT Top 12"]
[Site "Belfort"]
[Date "2012.06.02"]
[Round "3.4"]
[White "Schlosser, Philipp"]
[Black "Llanes Hurtado, Miguel"]
[Result "1/2-1/2"]
[WhiteElo "2596"]
[BlackElo "2480"]
[PlyCount "45"]
[EventDate "2012.05.31"]
[EventType "team-tourn"]
[EventRounds "11"]
[EventCountry "FRA"]
[SourceTitle "CBM 148 Extra"]
[Source "ChessBase"]
[SourceDate "2012.06.22"]
[SourceVersion "1"]
[SourceVersionDate "2012.06.22"]
[SourceQuality "1"]
[WhiteTeam "Bischwiller"]
[BlackTeam "Grasse"]
[WhiteTeamCountry "FRA"]
[BlackTeamCountry "FRA"]

1. Nf3 f5 2. g3 Nf6 3. Bg2 g6 4. 0-0 Bg7 5. d4 0-0 6. c4 d6 7. Nc3 c6 8. Rb1 Ne4 9. Qc2 Nxc3 10. bxc3 e5 11. Ba3 e4 12. Nd2 Rf7 13. e3 Be6 14. f3 exf3 15. Bxf3 d5 16. cxd5 cxd5 17. c4 Nc6 18. Rb5 Rc7 19. Rfb1 Rac8 20. Bxd5 Nxd4 21. Bxe6+ Nxe6 22. Rxb7 Ng5 23. Rxc7 1/2-1/2

[Event "Pianoro op"]
[Site "Pianoro"]
[Date "2011.11.26"]
[Round "2"]
[White "Mandolini, Riccardo"]
[Black "Llanes Hurtado, Miguel"]
[Result "0-1"]
[WhiteElo "2119"]
[BlackElo "2486"]
[PlyCount "54"]
[EventDate "2011.11.25"]
[EventType "swiss"]
[EventRounds "5"]
[EventCountry "ITA"]
[SourceTitle "CBM 145 Extra"]
[Source "ChessBase"]
[SourceDate "2012.01.03"]
[SourceVersion "1"]
[SourceVersionDate "2012.01.03"]
[SourceQuality "1"]

1. Nc3 d5 2. e4 d4 3. Nce2 e5 4. Ng3 Be6 5. Nf3 f6 6. Bb5+ c6 7. Ba4 Nd7 8. Bb3 Nc5 9. Bxe6 Nxe6 10. d3 Qd7 11. 0-0 0-0-0 12. c4 dxc3 13. Qa4 Qxd3 14. Be3 Qb5 15. Qxb5 cxb5 16. bxc3 Bc5 17. Rfb1 Bxe3 18. fxe3 a6 19. a4 bxa4 20. Rxa4 Ne7 21. Nf5 Nc6 22. Rc4 Rd7 23. Kf2 g6 24. Nh6 Rc7 25. Rb6 Nf8 26. Rb2 Ne6 27. Ra4 Nc5 0-1

[Event "ESP-chT CECLUB GpA"]
[Site "Sabadell"]
[Date "2011.08.31"]
[Round "3"]
[White "Llanes Hurtado, Miguel"]
[Black "Mirzoev, Azer"]
[Result "1/2-1/2"]
[WhiteElo "2484"]
[BlackElo "2415"]
[PlyCount "26"]
[EventDate "2011.08.29"]
[EventType "team-tourn"]
[EventRounds "5"]
[EventCountry "ESP"]
[SourceTitle "CBM 144 Extra"]
[Source "ChessBase"]
[SourceDate "2011.10.28"]
[SourceVersion "1"]
[SourceVersionDate "2011.10.28"]
[SourceQuality "1"]
[WhiteTeam "Merida"]
[BlackTeam "Binissalem"]
[WhiteTeamCountry "ESP"]
[BlackTeamCountry "ESP"]

1. d4 Nf6 2. c4 e6 3. Nf3 d5 4. g3 Bb4+ 5. Bd2 Be7 6. Bg2 0-0 7. 0-0 Nbd7 8. Qc2 c6 9. Bf4 Nh5 10. Bc1 Nhf6 11. Bf4 Nh5 12. Bc1 Nhf6 13. Bf4 Nh5 1/2-1/2

[Event "FRA-chT1 1011"]
[Site "France"]
[Date "2010.11.13"]
[Round "2.1"]
[White "Apicella, Manuel"]
[Black "Llanes Hurtado, Miguel"]
[Result "1/2-1/2"]
[WhiteElo "2531"]
[BlackElo "2468"]
[PlyCount "63"]
[EventDate "2010.10.17"]
[EventType "team-tourn"]
[EventRounds "11"]
[EventCountry "FRA"]
[SourceTitle "EXT 2012"]
[Source "ChessBase"]
[SourceDate "2011.11.24"]
[SourceVersion "1"]
[SourceVersionDate "2011.11.24"]
[SourceQuality "1"]

1. e4 e6 2. d4 d5 3. Nc3 dxe4 4. Nxe4 Nd7 5. Nf3 Ngf6 6. Bg5 h6 7. Nxf6+ Nxf6 8. Bh4 c5 9. Ne5 Qa5+ 10. c3 cxd4 11. Qxd4 Bc5 12. Nc4 Bxd4 13. Nxa5 Bb6 14. Nc4 Bc7 15. Bg3 Bxg3 16. hxg3 Ke7 17. Be2 Bd7 18. Ne5 Rhd8 19. 0-0-0 Be8 20. Bf3 Rab8 21. Rxd8 Kxd8 22. Rd1+ Kc7 23. Kc2 Nd7 24. Nc4 f6 25. Nd6 Bg6+ 26. Kc1 b5 27. b4 Ne5 28. Be2 a6 29. f4 Nf7 30. Nxf7 Bxf7 31. a4 Be8 32. axb5 1/2-1/2

[Event "EU Union-ch 6th"]
[Site "Arvier"]
[Date "2010.09.12"]
[Round "9"]
[White "Llanes Hurtado, Miguel"]
[Black "Jaracz, Pawel"]
[Result "1/2-1/2"]
[WhiteElo "2474"]
[BlackElo "2543"]
[PlyCount "20"]
[EventDate "2010.09.04"]
[EventType "swiss"]
[EventRounds "9"]
[EventCountry "ITA"]
[SourceTitle "CBM 138 Extra"]
[Source "ChessBase"]
[SourceDate "2010.10.29"]
[SourceVersion "1"]
[SourceVersionDate "2010.10.29"]
[SourceQuality "1"]

1. d4 Nf6 2. c4 e6 3. Nf3 d5 4. Nc3 c5 5. cxd5 Nxd5 6. g3 Nc6 7. Bg2 cxd4 8. Nxd4 Bb4 9. Nxc6 bxc6 10. 0-0 0-0 1/2-1/2

[Event "EU Union-ch 6th"]
[Site "Arvier"]
[Date "2010.09.10"]
[Round "7"]
[White "Agrest, Evgenij"]
[Black "Llanes Hurtado, Miguel"]
[Result "1/2-1/2"]
[WhiteElo "2585"]
[BlackElo "2474"]
[PlyCount "70"]
[EventDate "2010.09.04"]
[EventType "swiss"]
[EventRounds "9"]
[EventCountry "ITA"]
[SourceTitle "CBM 138 Extra"]
[Source "ChessBase"]
[SourceDate "2010.10.29"]
[SourceVersion "1"]
[SourceVersionDate "2010.10.29"]
[SourceQuality "1"]

1. Nf3 c5 2. c4 Nf6 3. Nc3 d5 4. cxd5 Nxd5 5. d4 cxd4 6. Qxd4 Nxc3 7. Qxc3 Nc6 8. e4 e6 9. Bb5 Bd7 10. 0-0 Qb6 11. a4 Qc5 12. Qd2 Qd6 13. Qe2 Qc7 14. Bg5 a6 15. Bd3 h6 16. Be3 Bd6 17. Rfc1 0-0 18. a5 Qb8 19. Rd1 Ne5 20. Nxe5 Bxe5 21. Bxa6 bxa6 22. Rxd7 Qxb2 23. Qxb2 Bxb2 24. Rad1 f5 25. f3 fxe4 26. fxe4 Bc3 27. Bb6 Rf4 28. Rc7 Be5 29. Rc4 Raf8 30. Be3 Rg4 31. h3 Rg3 32. Bb6 Rf6 33. Rc2 Rfg6 34. Kf1 Ra3 35. Rf2 Rf6 1/2-1/2

[Event "ESP-chT CECLUB Honor"]
[Site "Sestao"]
[Date "2010.08.25"]
[Round "3"]
[White "Cheparinov, Ivan"]
[Black "Llanes Hurtado, Miguel"]
[Result "1-0"]
[WhiteElo "2661"]
[BlackElo "2477"]
[PlyCount "109"]
[EventDate "2010.08.23"]
[EventType "team-tourn"]
[EventRounds "7"]
[EventCountry "ESP"]
[SourceTitle "CBM 138"]
[Source "ChessBase"]
[SourceDate "2010.09.17"]
[SourceVersion "1"]
[SourceVersionDate "2010.09.17"]
[SourceQuality "1"]

1. d4 Nf6 2. c4 c5 3. d5 b5 4. cxb5 a6 5. bxa6 g6 6. Nc3 Bxa6 7. Nf3 d6 8. g3 Bg7 9. Bg2 Nbd7 10. 0-0 Nb6 11. Re1 0-0 12. h3 Nfd7 13. Qc2 Nc4 14. Nd2 Nde5 15. b3 Qa5 16. bxc4 Nxc4 17. Ndb1 Rfb8 18. Rd1 Rxb1 19. Rxb1 Bxc3 20. Be4 Bf6 21. Rb3 Kg7 22. g4 h6 23. h4 Bxh4 24. Rh3 Bg5 25. Bd3 Nb6 26. Qb2+ Bf6 27. Bxh6+ Kg8 28. Qb1 Bxd3 29. Rdxd3 Qb4 30. Rb3 Qxg4+ 31. Rbg3 Qd4 32. Qxb6 Qd1+ 33. Kg2 Qxd5+ 34. Rf3 Qe4 35. Bf4 c4 36. Qe3 Qd5 37. Qd2 Qxd2 38. Bxd2 Rxa2 39. Bc3 Bxc3 40. Rxc3 d5 41. e4 e6 42. exd5 exd5 43. Rh1 Kg7 44. Re1 Ra4 45. Re5 d4 46. Rc1 f5 47. Rc5 c3 48. Rc6 Ra2 49. Kf1 Kh6 50. Rc4 Rd2 51. Ke1 Kg5 52. Rd1 Rxd1+ 53. Kxd1 Kf4 54. Rxd4+ Kf3 55. Ke1 1-0

[Event "POR-chT 52nd"]
[Site "Vila Nova de Gaia"]
[Date "2010.07.30"]
[Round "7.3"]
[White "Andrade, Jose Manuel Vieira"]
[Black "Llanes Hurtado, Miguel"]
[Result "0-1"]
[WhiteElo "2268"]
[BlackElo "2477"]
[PlyCount "36"]
[EventDate "2010.07.24"]
[EventType "team-tourn"]
[EventRounds "9"]
[EventCountry "POR"]
[SourceTitle "EXT 2011"]
[Source "ChessBase"]
[SourceDate "2010.11.26"]
[SourceVersion "1"]
[SourceVersionDate "2010.11.26"]
[SourceQuality "1"]
[WhiteTeam "Mata de Benfica"]
[BlackTeam "Diana"]
[WhiteTeamCountry "POR"]
[BlackTeamCountry "POR"]

1. c4 e6 2. e4 c5 3. Nc3 Nc6 4. Nf3 Nf6 5. d4 cxd4 6. Nxd4 Bb4 7. Nxc6 dxc6 8. Bd3 e5 9. 0-0 0-0 10. Ne2 Bc5 11. Qc2 Ng4 12. h3 Nxf2 13. Rxf2 Qh4 14. Nc3 Qg3 15. Nd1 Rd8 16. Be2 Bxh3 17. Ne3 Bxe3 18. Bxe3 Qxe3 0-1

[Event "POR-chT 52nd"]
[Site "Vila Nova de Gaia"]
[Date "2010.07.29"]
[Round "6.4"]
[White "Llanes Hurtado, Miguel"]
[Black "Saatdjian, Thomas"]
[Result "1-0"]
[WhiteElo "2477"]
[BlackElo "2369"]
[PlyCount "63"]
[EventDate "2010.07.24"]
[EventType "team-tourn"]
[EventRounds "9"]
[EventCountry "POR"]
[SourceTitle "EXT 2011"]
[Source "ChessBase"]
[SourceDate "2010.11.26"]
[SourceVersion "1"]
[SourceVersionDate "2010.11.26"]
[SourceQuality "1"]
[WhiteTeam "Diana"]
[BlackTeam "Barreirense"]
[WhiteTeamCountry "POR"]
[BlackTeamCountry "POR"]

1. d4 Nf6 2. c4 c5 3. d5 b5 4. cxb5 a6 5. bxa6 g6 6. Nc3 Bxa6 7. Nf3 d6 8. g3 Bg7 9. Bg2 Nbd7 10. Rb1 0-0 11. 0-0 Qa5 12. Bd2 Rfb8 13. Qc2 Ne8 14. a4 Qd8 15. b3 Nc7 16. Rfd1 Ra7 17. Be1 Rab7 18. Na2 Qe8 19. b4 cxb4 20. Nxb4 Nc5 21. Nxa6 N7xa6 22. Rxb7 Rxb7 23. a5 Rb2 24. Qc4 Qa4 25. Qxa4 Nxa4 26. Rc1 N6c5 27. Bf1 Bf6 28. e3 Ra2 29. Bc4 Rb2 30. Nd4 Kg7 31. a6 Nb6 32. Bc3 1-0

[Event "POR-chT 52nd"]
[Site "Vila Nova de Gaia"]
[Date "2010.07.26"]
[Round "3.2"]
[White "Tereick, Benjamin"]
[Black "Llanes Hurtado, Miguel"]
[Result "1/2-1/2"]
[WhiteElo "2370"]
[BlackElo "2477"]
[PlyCount "69"]
[EventDate "2010.07.24"]
[EventType "team-tourn"]
[EventRounds "9"]
[EventCountry "POR"]
[SourceTitle "EXT 2011"]
[Source "ChessBase"]
[SourceDate "2010.11.26"]
[SourceVersion "1"]
[SourceVersionDate "2010.11.26"]
[SourceQuality "1"]
[WhiteTeam "Albufeira"]
[BlackTeam "Diana"]
[WhiteTeamCountry "POR"]
[BlackTeamCountry "POR"]

1. Nf3 c5 2. c4 Nc6 3. d4 cxd4 4. Nxd4 Nf6 5. g3 g6 6. Bg2 Bg7 7. 0-0 Nxd4 8. Qxd4 0-0 9. Nc3 d6 10. Qd3 a6 11. Rd1 Bf5 12. e4 Bg4 13. f3 Be6 14. Be3 Rc8 15. b3 b5 16. cxb5 Nd7 17. Bd4 Nc5 18. Qe3 Bxd4 19. Qxd4 Bxb3 20. axb3 Nxb3 21. Qe3 Nxa1 22. Rxa1 axb5 23. Nxb5 Rb8 24. Bf1 Qb6 25. Qxb6 Rxb6 26. h4 Rfb8 27. Rb1 h5 28. Kf2 Kg7 29. Ke3 Ra8 30. Bc4 Ra4 31. Kd3 Rc6 32. Bd5 Rc5 33. Nc3 Ra3 34. Bc4 Ra7 35. Rb5 1/2-1/2

[Event "POR-chT 52nd"]
[Site "Vila Nova de Gaia"]
[Date "2010.07.25"]
[Round "2.2"]
[White "Castro, Francisco Manuel Fe"]
[Black "Llanes Hurtado, Miguel"]
[Result "0-1"]
[WhiteElo "2118"]
[BlackElo "2477"]
[PlyCount "74"]
[EventDate "2010.07.24"]
[EventType "team-tourn"]
[EventRounds "9"]
[EventCountry "POR"]
[SourceTitle "EXT 2011"]
[Source "ChessBase"]
[SourceDate "2010.11.26"]
[SourceVersion "1"]
[SourceVersionDate "2010.11.26"]
[SourceQuality "1"]
[WhiteTeam "Amiguinhos"]
[BlackTeam "Diana"]
[WhiteTeamCountry "POR"]
[BlackTeamCountry "POR"]

1. e4 d5 2. exd5 Nf6 3. Nc3 Nxd5 4. Nxd5 Qxd5 5. Qf3 c6 6. Qxd5 cxd5 7. Bb5+ Bd7 8. Bxd7+ Kxd7 9. Nf3 Nc6 10. d4 e6 11. Bf4 f6 12. Kd2 g5 13. Be3 h5 14. c3 b5 15. b4 a5 16. a4 axb4 17. axb5 Na5 18. Kd3 bxc3 19. Rhb1 Bd6 20. Kxc3 Nc4 21. h4 g4 22. Ne1 Na3 23. Rc1 Nxb5+ 24. Kd3 Na3 25. g3 Rhb8 26. Ng2 e5 27. dxe5 fxe5 28. Bc5 Rb3+ 29. Ke2 Bxc5 30. Rxc5 Kd6 31. Rcc1 Rb2+ 32. Kf1 Rf8 33. Rxa3 Rfxf2+ 34. Kg1 Rxg2+ 35. Kh1 Rh2+ 36. Kg1 Rbg2+ 37. Kf1 Rb2 0-1

[Event "FRA-chT1 0910"]
[Site "France"]
[Date "2009.11.22"]
[Round "5.2"]
[White "Libiszewski, Fabien"]
[Black "Llanes Hurtado, Miguel"]
[Result "1/2-1/2"]
[WhiteElo "2518"]
[BlackElo "2493"]
[PlyCount "32"]
[EventDate "2009.09.27"]
[EventType "team-tourn"]
[EventRounds "11"]
[EventCountry "FRA"]
[SourceTitle "EXT 2011"]
[Source "ChessBase"]
[SourceDate "2010.11.26"]
[SourceVersion "1"]
[SourceVersionDate "2010.11.26"]
[SourceQuality "1"]

1. e4 e5 2. Nf3 Nc6 3. Nc3 Nf6 4. Bb5 Bc5 5. 0-0 0-0 6. Nxe5 Nxe5 7. d4 Bd6 8. f4 Nc6 9. e5 Be7 10. d5 Nxd5 11. Nxd5 d6 12. Nxe7+ Nxe7 13. exd6 cxd6 14. Be3 Bf5 15. Bd3 Qd7 16. Bf2 Rfe8 1/2-1/2

[Event "ESP-ch ko"]
[Site "Ayamonte"]
[Date "2007.11.10"]
[Round "1.3"]
[White "Del Rio de Angelis, Salvador Gabriel"]
[Black "Llanes Hurtado, Miguel"]
[Result "1-0"]
[WhiteElo "2512"]
[BlackElo "2459"]
[PlyCount "77"]
[EventDate "2007.11.09"]
[EventType "k.o."]
[EventRounds "4"]
[EventCountry "ESP"]
[SourceTitle "EXT 2008"]
[Source "ChessBase"]
[SourceDate "2007.11.25"]
[SourceVersion "1"]
[SourceVersionDate "2007.11.25"]
[SourceQuality "1"]

1. e4 e5 2. Nf3 Nf6 3. Nxe5 d6 4. Nf3 Nxe4 5. d4 d5 6. Bd3 Nc6 7. 0-0 Be7 8. c4 Nf6 9. Nc3 Be6 10. cxd5 Nxd5 11. Re1 0-0 12. a3 Bf6 13. Be4 h6 14. Qd3 Nxc3 15. bxc3 Bd5 16. Bxd5 Qxd5 17. Bf4 Qd7 18. Nd2 Be7 19. Qg3 Bd6 20. Ne4 Bxf4 21. Nf6+ Kh8 22. Nxd7 Bxg3 23. Nxf8 Bf4 24. Nd7 Bd2 25. d5 Na5 26. Re7 Bxc3 27. Ra2 b5 28. Rc2 b4 29. axb4 Bxb4 30. Rxf7 Bd6 31. Nc5 Rb8 32. g3 Rb1+ 33. Kg2 Nb3 34. Ne4 Be5 35. f4 Nd4 36. Rd2 Re1 37. fxe5 Rxe4 38. Rxc7 Nf5 39. d6 1-0

[Event "Casar de Caceres 1st"]
[Site "Casar de Caceres"]
[Date "2007.10.28"]
[Round "10"]
[White "Saldano Dayer, Horacio"]
[Black "Llanes Hurtado, Miguel"]
[Result "1/2-1/2"]
[WhiteElo "2452"]
[BlackElo "2459"]
[PlyCount "26"]
[EventDate "2007.10.22"]
[EventType "tourn"]
[EventRounds "10"]
[EventCountry "ESP"]
[EventCategory "11"]
[SourceTitle "CBM 120 Extra"]
[Source "ChessBase"]
[SourceDate "2007.11.01"]
[SourceVersion "1"]
[SourceVersionDate "2007.11.01"]
[SourceQuality "1"]

1. d4 d5 2. c4 c6 3. Nf3 Nf6 4. Nc3 dxc4 5. a4 e6 6. e3 c5 7. Bxc4 Nc6 8. 0-0 Be7 9. Qe2 cxd4 10. Rd1 0-0 11. Nxd4 Nxd4 12. exd4 Nd5 13. Qf3 Nxc3 1/2-1/2